|
|
|
|
| LEADER |
01454nam a22002897a 4500 |
| 001 |
33228 |
| 003 |
BD-DhAAL |
| 005 |
20180722153952.0 |
| 008 |
180710t2017 bg a|||| b||| 000 0 ben d |
| 999 |
|
|
|c 39561
|d 39561
|
| 020 |
|
|
|a 9789843405944
|
| 040 |
|
|
|a BD-DhAAL
|
| 041 |
|
|
|a BEN
|
| 082 |
|
|
|2 22
|a 954.9205092
|
| 245 |
|
|
|a আলোকচিত্রে বঙ্গবন্ধু /
|c গ্রন্থনা ও গবেষণা ইফতেখার মোহাম্মদ ও আব্দুল্লাহ আল মামুন (তপন)
|
| 260 |
|
|
|a ঢাকা :
|b মিরর প্রিন্টার্স,
|c ২০১৭
|
| 300 |
|
|
|a ২২৬ পৃষ্ঠা :
|b চিত্র ;
|c ২২ সে.মি.
|
| 504 |
|
|
|a গ্রন্থপঞ্জিগত নির্দেশিকা
|
| 526 |
|
|
|a AAL
|
| 541 |
|
|
|a Development book agency
|e 33228
|
| 600 |
|
|
|a Sheikh, Mujibur Rahman
|d 1920-1975
|x pictorial work
|9 27477
|
| 651 |
|
|
|a Bangladesh
|x Politics and government.
|9 27478
|
| 700 |
|
|
|a মোহাম্মদ, ইফতেখার
|9 27581
|
| 700 |
|
|
|a তপন, আব্দুল্লাহ আল মামুন
|9 27582
|
| 852 |
|
|
|a Ayesha Abed Library
|c Bangabandhu Corner
|
| 942 |
|
|
|2 ddc
|c BK
|
| 952 |
|
|
|0 0
|1 0
|2 ddc
|4 0
|6 954_920509200000000_ALO
|7 0
|9 63581
|a BRACUL
|b BRACUL
|c BNC
|d 2018-07-04
|e Development Book Agency
|g 2250.00
|l 2
|m 5
|o 954.9205092 ALO
|p 3010033228
|r 2022-03-31
|s 2020-03-10
|t 1
|v 2500.00
|w 2018-07-04
|y BK
|